At the origins of the culture of the Balts
| Titel: | At the origins of the culture of the Balts : dedicated to the 60th birthday of Prof Habil. Dr Algirdas Girininkas / Klaipėda Univ., Inst. of Baltic Sea Region, History and Archaeology; Lithuanian Inst. of History. Ed. by Audronė Bliujienė |
|---|---|
| Beteiligt: | |
| Körperschaft: | |
| Festschrift für: | |
| Veröffentlicht: | Klaipėda : Klaipėda University Press, 2010 |
| Umfang: | 194 Seiten : Illustrationen, Diagramme, Karten |
| Format: | Buch |
| Sprache: | Englisch |
| Schriftenreihe/ mehrbändiges Werk: |
Archaeologia Baltica ; 13 |
| RVK-Notation: | |
| Hinweise zum Inhalt: |
zusätzliche Angaben
|
X
alg: 23007817 001A $00030:10-01-11 001B $01999:18-08-25 $t15:40:17.000 001D $00030:10-01-11 001U $0utf8 001X $00 002@ $0Aau 002C $aText $btxt $2rdacontent 002D $aohne Hilfsmittel zu benutzen $bn $2rdamedia 002E $aBand $bnc $2rdacarrier 003@ $0230078176 003O $0695947307 $aOCoLC 007A $0335298508 $aBSZ 007T $0Herdc0077615m 009P $A2 $3zusätzliche Angaben $uhttp://www.ku.lt/leidykla/leidiniai/Archaeologia%5FBALTICA/Archaeologia%5FBALTICA%5F13.pdf 010@ $aeng 011@ $a2010 $n2010 013D $#Beiträge Formschlagwort $#Einzelbeiträge $#Sammelwerk Formschlagwort $74143413-4 $8Aufsatzsammlung [Ts1] $9085562742 013H $0k 021A $aAt the origins of the culture of the Balts $ddedicated to the 60th birthday of Prof Habil. Dr Algirdas Girininkas $hKlaipėda Univ., Inst. of Baltic Sea Region, History and Archaeology; Lithuanian Inst. of History. Ed. by Audronė Bliujienė 028C $#Bljuene, Audrone $#Блюене, Аудроне $D20231015 $Ecgwrk $7188403531 $8Bliujienė, Audronė$Z1954- [Tp1] $9288171071 028C $BGefeierter $#Girininkas, A. $4hnr $7103394508 $8Girininkas, Algirdas$Z1949- [Tp1] $9138800391 029F $RKlaipėdos Universitetas $#Klaipėdos Universitetas, Baltijos Regiono Istorijos ir Archeologijos Institutas $#Institute of Baltic Sea Region History and Archeology $#Institute of Baltic Region History and Archaeology, Klaipėda University $#Klaipėdos Universitetas, Institute of Baltic Sea Region History and Archeology $#Institut Istorii i Archeologii Baltijskogo Regiona $#Klaipėdos Universitetas, Institut Istorii i Archeologii Baltijskogo Regiona $#Klaipėdos Universiteto Baltijos Regiono Istorijos ir Archeologijos Institutas $710144271-3 $8Baltijos Regiono Istorijos ir Archeologijos Institutas [Tb1] $9180268570 033A $pKlaipėda $nKlaipėda University Press 034D $a194 Seiten 034M $aIllustrationen, Diagramme, Karten 036E $aArchaeologia Baltica $l13 036F $x213 $8Archaeologia Baltica $9091829194 $l13 037A $aLiteraturangaben 044K $qSWB $#Balts (Indo-European people) $#Baltes $#Bálticos $#Balte $#Balten $#Baltische Völker $74086321-9 $8Balten [Ts1] $9085240842 045F $a370.94793 $eDDC23BSB 045F/01 $a370.9 045F/03 $g4793 045G $a930.10947909012 $eDDC23BSB 045G/01 $a930.1 045G/03 $f09012 045G/03 $f09013 045G/03 $f09014 045G/03 $g479 045Z $8GZ 9140 [Tkv] $940860624X 047C $aProfessor doctor lok: 23007817 3 101B $010-01-11 $t11:56:36.000 101C $010-01-11 101U $0utf8 145S/01 $a039 exp: 23007817 3 1 #EPN 201B/01 $010-01-11 $t11:56:36.000 201C/01 $010-01-11 201U/01 $0utf8 203@/01 $0604206062 208@/01 $a10-01-11 $bzAa 209A/01 $aQ 89.362.41 $du $f000 $hQ 89 362 41 $x00 209G/01 $a89362415 $x00 247C/01 $8601000-3 <30>Frankfurt, Universitätsbibliothek J. C. Senckenberg, Zentralbibliothek (ZB) $9102598258 lok: 23007817 24 101B $024-08-11 $t09:41:33.000 101C $024-08-11 101U $0utf8 145Z/01 $a2 G 1290 145Z/02 $a45 15 C 145Z/03 $a44 6 A 145Z/04 $a44 6 B 145Z/05 $a44 6 C exp: 23007817 24 1 #EPN 201B/01 $014-05-12 $t14:38:01.000 201C/01 $024-08-11 201U/01 $0utf8 203@/01 $0628614632 208@/01 $a24-08-11 $bz 209A/01 $a44 VI AZ 2 : 13 $du $f050 $h44 6 AZ 2 / B 13 $x00 209C/01 $a11.51266 K $h11 51266 K 209G/01 $a72901525 $x00 220C/01 $amar / inventarisiert am JB!!! 244Z/01 $#Girininkas, A. $7103394508 $8--Tp1--Girininkas, Algirdas$Z1949- $x01 $9138800391 247C/01 $8358050-7Marburg, Bibliothek des Herder-Instituts Marburg $9102600961 lok: 23007817 78 exp: 23007817 78 1 #EPN 201B/01 $019-04-17 $t15:02:46.000 201U/01 $0utf8 203@/01 $0791952223 208@/01 $a12-11-16 $be 209A/01 $a/ $f000 $x00 220C/01 $aTitelaufnehmer: pg 220C/01 $aHerkunft: HI Marburg 244Z/01 $2Trx $#Baltijos šalys $#kraje bałtyckie $#Baltikum $8--Trx--Baltische Länder $x01 $9391352903 244Z/01 $2Trx $#dzieło zbiorowe $8--Trx--Sammelwerk $x02 $9391384597 245Z/01 $a01.03;01.02 $x01 247C/01 $82080>Marburg/Lahn, Herder-Institut, Forschungsbibliothek, Bibliographieportal $9336309341
| LEADER | 00000cam a2200000 c 4500 | ||
|---|---|---|---|
| 001 | 230078176 | ||
| 003 | DE-603 | ||
| 005 | 20250818154017.0 | ||
| 007 | tu | ||
| 008 | 110110s2010 xx |||| | u10||u|eng c | ||
| 035 | |a (DE-599)BSZ335298508 | ||
| 035 | |a (OCoLC)695947307 | ||
| 040 | |a DE-603 |b ger |c DE-603 |d DE-603 | ||
| 041 | |a eng | ||
| 082 | 0 | 4 | |8 1\u |a 370.94793 |q DE-101 |2 23/BSB |
| 083 | 0 | |8 2\u |a 930.10947909012 |q DE-101 |2 23/BSB | |
| 084 | |a GZ 9140 |0 (DE-625)48330:13518 |0 (DE-603)40860624X |2 rvk | ||
| 085 | |8 1\u |b 370.9 | ||
| 085 | |8 1\u |z 2 |s 4793 | ||
| 085 | |8 2\u |b 930.1 | ||
| 085 | |8 2\u |z 1 |s 09012 | ||
| 085 | |8 2\u |z 1 |s 09013 | ||
| 085 | |8 2\u |z 1 |s 09014 | ||
| 085 | |8 2\u |z 2 |s 479 | ||
| 245 | 0 | 0 | |a At the origins of the culture of the Balts |b dedicated to the 60th birthday of Prof Habil. Dr Algirdas Girininkas |c Klaipėda Univ., Inst. of Baltic Sea Region, History and Archaeology; Lithuanian Inst. of History. Ed. by Audronė Bliujienė |
| 246 | 1 | 0 | |a Professor doctor |
| 264 | 1 | |a Klaipėda |b Klaipėda University Press |c 2010 | |
| 300 | |a 194 Seiten |b Illustrationen, Diagramme, Karten | ||
| 336 | |a Text |b txt |2 rdacontent | ||
| 337 | |a ohne Hilfsmittel zu benutzen |b n |2 rdamedia | ||
| 338 | |a Band |b nc |2 rdacarrier | ||
| 490 | 1 | |a Archaeologia Baltica |v 13 | |
| 500 | |a Literaturangaben | ||
| 650 | 7 | |a Balten |0 (DE-588)4086321-9 |0 (DE-603)085240842 |2 gnd | |
| 655 | 7 | |a Aufsatzsammlung |2 gnd-content |0 (DE-588)4143413-4 |0 (DE-603)085562742 | |
| 700 | 1 | |a Bliujienė, Audronė |d 1954- |0 (DE-603)288171071 |0 (DE-588)188403531 |2 gnd | |
| 700 | 1 | |a Girininkas, Algirdas |d 1949- |e Gefeierter |4 hnr |0 (DE-603)138800391 |0 (DE-588)103394508 |2 gnd | |
| 710 | 2 | |a Baltijos Regiono Istorijos ir Archeologijos Institutas |0 (DE-603)180268570 |0 (DE-588)10144271-3 |2 gnd | |
| 830 | 0 | |t Archaeologia Baltica |v 13 |w (DE-603)091829194 |w (DE-600)1434636-9 |9 213 |7 as | |
| 856 | 4 | 2 | |u http://www.ku.lt/leidykla/leidiniai/Archaeologia%5FBALTICA/Archaeologia%5FBALTICA%5F13.pdf |3 zusätzliche Angaben |
| 924 | 0 | |9 30 |a (DE-603)604206062 |b DE-30 |c HES |d c |g Q 89.362.41 | |
| 924 | 0 | |9 Mb 50 |a (DE-603)628614632 |b DE-Mb50 |c HES |d c |g 44 VI AZ 2 : 13 | |
| 924 | 0 | |9 2080 |a (DE-603)791952223 |b DE-2080 |c HES |d d |g / | |


